| 000 | 02290nam a2200301 i 4500 | ||
|---|---|---|---|
| 001 | 180746 | ||
| 003 | ES-MaACL | ||
| 005 | 20250316063056.0 | ||
| 008 | 120709s2001 sp a |||| |dspa d | ||
| 020 | _a84-8155-767-6 | ||
| 080 | _a821.134.2-14"19" | ||
| 100 | 1 |
_aUña Juárez, Octavio, _d1945- _9112043 |
|
| 245 | 1 | 0 |
_aCastilla, plaza mayor de soledades _b: (antología de poesía de temario castellano) / _cOctavio Uña ; prólogo de Pedro Laín Entralgo ; introducción de Fernando Vilches ; ilustraciones de José Luis Galicia. |
| 250 | _a4ª ed., 1ª en Dykinson. | ||
| 260 |
_aMadrid : _bDykinson : _bUniversidad Rey Juan Carlos, _c2001. |
||
| 300 |
_a265 p. : _bil. ; _c21 cm. |
||
| 500 | _aLa presente edición de Castilla, plaza mayor de soledades, la cuarta, incluye nuevos poemas de Crónicas del océano e inéditos. Y ve la luz gracias al esforzado ánimo y los muchos saberes del profesor Fernando Vilches, quien ordenó y estudió los contenidos. Desde 1988, fecha de la publicación de la tercera edición, en Zamora, estos poemas y otros que esperan ver la luz viajaron intensamente: Lisboa, Buenos Aires, San José de Costa Rica, Alejandría, Abu Simbel, El Cairo, Pekín, y una amplia geografía universitaria de Estados Unidos, México y Europa. El autor, que amplió también su itinerario académico, desde el Real Colegio Universitario María Cristina de El Escorial y la Universidad Complutense de Madrid a las universidades de Santiago de Compostela y Castilla-La Mancha, miraba siempre a la región luciente de El Escorial y se soñaba en el literario Cafetín Croché, santuario civil sanlorentino, que recoge memorias y escrituras desde Montano y Sigüenza a Ortega y Vivanco. | ||
| 700 | 1 |
_aLaín Entralgo, Pedro, _d1908-2001 _969681 |
|
| 700 | 1 |
_aVilches, Fernando. _9114848 |
|
| 700 | 1 |
_aGalicia, José Luis. _953411 |
|
| 852 |
_aES-MaACL _jA-12121 _9 187663 _bR.147084 _cDEPO1 _dOlim: N-5126 _xDonación: del autor Octavio Uña |
||
| 852 |
_aES-MaACL _cDEPOJ _jN-8899 _hDonación: editorial _tDuplicado _xRústica _zEn proceso _9203916 |
||
| 903 |
_aUña Juárez, Octavio, _d1945- _ednr _9112043 |
||
| 942 |
_2udc _cMONOGRAFIA |
||
| 999 |
_c180746 _d180746 |
||